000 00922nam a2200253 a 4500
001 000025297
005 20240302073950.0
008 110214s2003 dr a 000 0bspa d
020 _a9993476854
040 _aDO-SdBNP
_bspa
_cBNPHU
082 _a922.27293
_bM562C
100 1 _aCassá, Roberto,
_d1948-
_910888
245 1 0 _aFernando Arturo de Meriño :
_bprelado y presidente /
_cRoberto Cassá ; ilustraciones Ramiro Manzano.
260 _aSanto Domingo :
_bTobogán,
_c2003.
_fAlfa y Omega
300 _a82 p. :
_bil. ;
_c21 cm.
490 1 _aBiografías dominicanas Tobogán ;
504 _aBibliografía: p. 81
590 _aInventariado, 2018/ YL
600 1 4 _aMERIÑO, FERNANDO ARTURO DE,
_d1833-1906
_951821
650 4 _aSacerdotes dominicanos
_xBiografías
_933806
700 1 _aManzano, Ramiro
_eil.
_9768
830 0 _aBiografías dominicanas Tobogán
_9769
910 _aValidado. Control de calidad MMOLINA
999 _c24790
_d24790